000 00461nam a22001817a 4500
003 OSt
005 20140310181710.0
008 121207t xxu||||| |||| 00| 0 eng d
020 _a9715900216
050 _aHV 5840
_b.Il27 1992
082 _aFIL 362.29
_bI1 1988
100 _aIlao, Tom J.
245 _aJust say 'no' to drugs /
_c Tom J. Ilao.
260 _aManila :
_bSaint Paul,
_c1992.
300 _a132 p. ;
_c19 cm.
942 _2lcc
_cBK
999 _c1527
_d1527